<?xml version="1.0" encoding="UTF-8"?>
<record
    xmlns:xsi="http://www.w3.org/2001/XMLSchema-instance"
    xsi:schemaLocation="http://www.loc.gov/MARC21/slim http://www.loc.gov/standards/marcxml/schema/MARC21slim.xsd"
    xmlns="http://www.loc.gov/MARC21/slim">

  <leader>01894nam a22002897a 4500</leader>
  <controlfield tag="003">UA-OsUOA</controlfield>
  <controlfield tag="001"> 114557 </controlfield>
  <controlfield tag="007">ta</controlfield>
  <controlfield tag="008">20151111b un ||||| |||| 00| 0 ukr d</controlfield>
  <datafield tag="100" ind1=" " ind2=" ">
    <subfield code="a">&#x41F;&#x435;&#x43B;&#x435;&#x448;&#x435;&#x43D;&#x43A;&#x43E; &#x42E;. &#x412;.</subfield>
  </datafield>
  <datafield tag="090" ind1=" " ind2=" ">
    <subfield code="a">82.09(477)</subfield>
    <subfield code="b">&#x41F;24</subfield>
  </datafield>
  <datafield tag="942" ind1=" " ind2=" ">
    <subfield code="c">BK</subfield>
  </datafield>
  <datafield tag="040" ind1=" " ind2=" ">
    <subfield code="a">UA-OsUOA</subfield>
    <subfield code="b">ukr</subfield>
    <subfield code="c">UA-OsUOA</subfield>
    <subfield code="d">UA-OsUOA</subfield>
  </datafield>
  <datafield tag="245" ind1=" " ind2=" ">
    <subfield code="a">&#x423;&#x43A;&#x440;&#x430;&#x457;&#x43D;&#x441;&#x44C;&#x43A;&#x430; &#x43B;&#x456;&#x442;&#x435;&#x440;&#x430;&#x442;&#x443;&#x440;&#x430; &#x43F;&#x456;&#x437;&#x43D;&#x44C;&#x43E;&#x433;&#x43E; &#x421;&#x435;&#x440;&#x435;&#x434;&#x43D;&#x44C;&#x43E;&#x432;&#x456;&#x447;&#x447;&#x44F; (&#x434;&#x440;&#x443;&#x433;&#x430; &#x43F;&#x43E;&#x43B;&#x43E;&#x432;&#x438;&#x43D;&#x430; XIII - XV &#x441;&#x442;.): &#x414;&#x436;&#x435;&#x440;&#x435;&#x43B;&#x430;. &#x421;&#x438;&#x441;&#x442;&#x435;&#x43C;&#x430; &#x436;&#x430;&#x43D;&#x440;&#x456;&#x432;. &#x414;&#x443;&#x445;&#x43E;&#x432;&#x43D;&#x456; &#x456;&#x43D;&#x442;&#x435;&#x43D;&#x446;&#x456;&#x457;. &#x41F;&#x43E;&#x441;&#x442;&#x430;&#x442;&#x456;</subfield>
    <subfield code="b">&#x43C;&#x43E;&#x43D;&#x43E;&#x433;&#x440;&#x430;&#x444;&#x456;&#x44F;</subfield>
  </datafield>
  <datafield tag="300" ind1=" " ind2=" ">
    <subfield code="a">608 &#x441;.</subfield>
  </datafield>
  <datafield tag="955" ind1=" " ind2=" ">
    <subfield code="a">1</subfield>
  </datafield>
  <datafield tag="041" ind1=" " ind2=" ">
    <subfield code="a">ukr</subfield>
  </datafield>
  <datafield tag="080" ind1=" " ind2=" ">
    <subfield code="a">82.09(477)</subfield>
  </datafield>
  <datafield tag="020" ind1=" " ind2=" ">
    <subfield code="a">978-966-193-073-4</subfield>
  </datafield>
  <datafield tag="520" ind1="3" ind2=" ">
    <subfield code="a">&#x417;&#x43C;&#x456;&#x441;&#x442;&#x412;&#x441;&#x442;&#x443;&#x43F;. &#x41E;&#x441;&#x43D;&#x43E;&#x432;&#x43D;&#x456; &#x43F;&#x440;&#x43E;&#x431;&#x43B;&#x435;&#x43C;&#x438; &#x434;&#x43B;&#x43E;&#x441;&#x43B;&#x456;&#x434;&#x436;&#x435;&#x43D;&#x43D;&#x44F; &#x443;&#x43A;&#x440;&#x430;&#x457;&#x43D;&#x441;&#x44C;&#x43A;&#x43E;&#x457; &#x43B;&#x456;&#x442;&#x435;&#x440;&#x430;&#x442;&#x443;&#x440;&#x438; &#x43F;&#x456;&#x437;&#x43D;&#x44C;&#x43E;&#x433;&#x43E; &#x421;&#x435;&#x440;&#x435;&#x434;&#x43D;&#x44C;&#x43E;&#x432;&#x456;&#x447;&#x447;&#x44F; (&#x434;&#x440;&#x443;&#x433;&#x430; &#x43F;&#x43E;&#x43B;&#x43E;&#x432;&#x438;&#x43D;&#x430; XIII - XV &#x441;&#x442;.)1. &#x41B;&#x456;&#x442;&#x435;&#x440;&#x430;&#x442;&#x443;&#x440;&#x43D;&#x438;&#x439; &#x43F;&#x440;&#x43E;&#x446;&#x435;&#x441; &#x434;&#x440;&#x443;&#x433;&#x43E;&#x457; &#x43F;&#x43E;&#x43B;&#x43E;&#x432;&#x438;&#x43D;&#x438; XIII - XV &#x441;&#x442;.2. &#x41A;&#x430;&#x442;&#x435;&#x433;&#x43E;&#x440;&#x456;&#x457; &#x433;&#x440;&#x456;&#x445;&#x430;, &#x43A;&#x430;&#x440;&#x438; &#x411;&#x43E;&#x436;&#x43E;&#x457;, &#x43A;&#x430;&#x44F;&#x442;&#x442;&#x44F; &#x456; &#x441;&#x43F;&#x430;&#x441;&#x456;&#x43D;&#x43D;&#x44F; &#x432; &#x443;&#x43A;&#x440;&#x430;&#x457;&#x43D;&#x441;&#x44C;&#x43A;&#x456;&#x439; &#x43B;&#x456;&#x442;&#x435;&#x440;&#x430;&#x442;&#x443;&#x440;&#x456; X</subfield>
  </datafield>
  <datafield tag="520" ind1="3" ind2=" ">
    <subfield code="a">III - XV &#x441;&#x442;.3. &#x422;&#x443;&#x433;&#x430; &#x437;&#x430; &#x440;&#x430;&#x454;&#x43C;4. &#x41B;&#x456;&#x442;&#x435;&#x440;&#x430;&#x442;&#x443;&#x440;&#x430; &#x435;&#x43F;&#x43E;&#x445;&#x438; &#x41F;&#x435;&#x440;&#x435;&#x434;&#x432;&#x456;&#x434;&#x440;&#x43E;&#x434;&#x436;&#x435;&#x43D;&#x43D;&#x44F; (&#x43A;&#x456;&#x43D;&#x435;&#x446;&#x44C; XIV - XV &#x441;&#x442;.): &#x43F;&#x43E;&#x441;&#x442;&#x430;&#x442;&#x456; &#x442;&#x430; &#x43F;&#x440;&#x43E;&#x431;&#x43B;&#x435;&#x43C;&#x438;5.&#x414;&#x443;&#x445;&#x43E;&#x432;&#x43D;&#x456; &#x442;&#x435;&#x447;&#x456;&#x457; &#x43F;&#x456;&#x437;&#x43D;&#x44C;&#x43E;&#x433;&#x43E; &#x421;&#x435;&#x440;&#x435;&#x434;&#x43D;&#x44C;&#x43E;&#x432;&#x456;&#x447;&#x447;&#x44F; &#x456; &#x43B;&#x456;&#x442;&#x435;&#x440;&#x430;&#x442;&#x443;&#x440;&#x430;6. &#x41F;&#x440;&#x43E;&#x431;&#x43B;&#x435;&#x43C;&#x430; &#x454;&#x434;&#x43D;&#x43E;&#x441;&#x442;&#x456; &#x426;&#x435;&#x440;&#x43A;&#x432;&#x438; &#x432; &#x443;&#x43A;&#x440;&#x430;&#x457;&#x43D;&#x441;&#x44C;&#x43A;&#x43E;&#x43C;&#x443; &#x43F;&#x438;&#x441;&#x44C;&#x43C;&#x435;&#x43D;&#x441;&#x442;&#x432;&#x456; XV &#x441;&#x442;.7. &#x422;&#x435;&#x43D;&#x434;&#x435;&#x43D;&#x446;&#x456;&#x457; &#x440;&#x43E;&#x437;&#x432;&#x438;&#x442;&#x43A;&#x443; &#x443;&#x43A;</subfield>
  </datafield>
  <datafield tag="520" ind1="3" ind2=" ">
    <subfield code="a">&#x440;&#x430;&#x457;&#x43D;&#x441;&#x44C;&#x43A;&#x43E;&#x457; &#x43B;&#x456;&#x442;&#x435;&#x440;&#x430;&#x442;&#x443;&#x440;&#x438; &#x43F;&#x456;&#x437;&#x43D;&#x44C;&#x43E;&#x433;&#x43E; &#x421;&#x435;&#x440;&#x435;&#x434;&#x43D;&#x44C;&#x43E;&#x432;&#x456;&#x447;&#x447;&#x44F;</subfield>
  </datafield>
  <datafield tag="260" ind1=" " ind2=" ">
    <subfield code="a">&#x41A;.</subfield>
    <subfield code="b">&#x421;&#x442;&#x438;&#x43B;&#x43E;&#x441;</subfield>
    <subfield code="c">2012</subfield>
  </datafield>
  <datafield tag="250" ind1=" " ind2=" ">
    <subfield code="n">2-&#x435; &#x432;&#x438;&#x434;., &#x43F;&#x435;&#x440;&#x435;&#x440;&#x43E;&#x431;&#x43B; &#x456; &#x434;&#x43E;&#x43F;&#x43E;&#x432;&#x43D;.</subfield>
  </datafield>
  <datafield tag="650" ind1=" " ind2="7">
    <subfield code="a">82 &#x41B;&#x456;&#x442;&#x435;&#x440;&#x430;&#x442;&#x443;&#x440;&#x430;. &#x41B;&#x456;&#x442;&#x435;&#x440;&#x430;&#x442;&#x443;&#x440;&#x43E;&#x437;&#x43D;&#x430;&#x432;&#x441;&#x442;&#x432;&#x43E;</subfield>
    <subfield code="2">UDC</subfield>
  </datafield>
  <datafield tag="999" ind1=" " ind2=" ">
    <subfield code="c">400701</subfield>
    <subfield code="d">400701</subfield>
  </datafield>
  <datafield tag="952" ind1=" " ind2=" ">
    <subfield code="0">0</subfield>
    <subfield code="1">0</subfield>
    <subfield code="2">udc</subfield>
    <subfield code="4">0</subfield>
    <subfield code="7">0</subfield>
    <subfield code="a">102</subfield>
    <subfield code="b">102</subfield>
    <subfield code="d">2015-11-11</subfield>
    <subfield code="e">45/2015</subfield>
    <subfield code="g">182.00</subfield>
    <subfield code="i">149581</subfield>
    <subfield code="l">0</subfield>
    <subfield code="o">82.09(477) &#x41F;24</subfield>
    <subfield code="p">149581</subfield>
    <subfield code="r">2022-02-09 00:00:00</subfield>
    <subfield code="w">2015-11-11</subfield>
    <subfield code="y">BK</subfield>
  </datafield>
  <datafield tag="952" ind1=" " ind2=" ">
    <subfield code="0">0</subfield>
    <subfield code="1">0</subfield>
    <subfield code="2">udc</subfield>
    <subfield code="4">0</subfield>
    <subfield code="7">0</subfield>
    <subfield code="a">102</subfield>
    <subfield code="b">102</subfield>
    <subfield code="d">2015-11-11</subfield>
    <subfield code="e">45/2015</subfield>
    <subfield code="g">182.00</subfield>
    <subfield code="i">149582</subfield>
    <subfield code="l">0</subfield>
    <subfield code="o">82.09(477) &#x41F;24</subfield>
    <subfield code="p">149582</subfield>
    <subfield code="r">2022-02-09 00:00:00</subfield>
    <subfield code="w">2015-11-11</subfield>
    <subfield code="y">BK</subfield>
  </datafield>
  <datafield tag="952" ind1=" " ind2=" ">
    <subfield code="0">0</subfield>
    <subfield code="1">0</subfield>
    <subfield code="2">udc</subfield>
    <subfield code="4">0</subfield>
    <subfield code="7">0</subfield>
    <subfield code="a">102</subfield>
    <subfield code="b">102</subfield>
    <subfield code="d">2015-11-11</subfield>
    <subfield code="e">45/2015</subfield>
    <subfield code="g">182.00</subfield>
    <subfield code="i">149583</subfield>
    <subfield code="l">0</subfield>
    <subfield code="o">82.09(477) &#x41F;24</subfield>
    <subfield code="p">149583</subfield>
    <subfield code="r">2021-11-15 00:00:00</subfield>
    <subfield code="w">2015-11-11</subfield>
    <subfield code="y">BK</subfield>
  </datafield>
</record>
